000 00672nam a2200289Ia 4500
005 20260324144528.0
008 008 260324s9999 xx 000 0 eng d
020 _a9781315804224
037 _aEBOOK
040 _aCRL
040 _beng
040 _cCRL
041 _2eng
041 _aeng
084 _qCRL
100 _aHerbert S Strean
_91219658
245 0 _aGrowing Up Observed
245 0 _bTales From Analysts' Children
260 _bTaylor and Francis
260 _c1987
365 _a
365 _b67.99
856 _uhttp://www.taylorfrancis.com/books/9781315804224
942 _cEBOOK
999 _c1826381
_d1826381